000 00660nam a2200241Ia 4500
003 OSt
005 20220925230357.0
006 a|||||r|||| 00| 0
007 ta
008 220923b |||||||| |||| 00| 0 eng d
020 _a0860914771
037 _cGeneral Book
040 _aRTL
_cRTL
_beng
041 _2eng
_aeng
082 _aX:3M24.53.N9, N4
100 _aGorz Andre
_922362
245 0 _acapitalism, socialism, ecology. Tr by Chris Turner
260 _aLondon
_bVerso
_c1994
300 _ax, 147p
_ccm.
650 _aSocialism
_936676
942 _hX:3M24.53.N9, N4
_cGB
_2CC
999 _c585311
_d585311